00210nam a2200097Ia 4500008004100000100002000041245001800061260000900079942000700088999001700095190216s9999||||xx |||||||||||||| ||und|| aPonkunnanvarkey 0aNaatuvelicham bNull cBK c23566d23566